=LDR 00000nam 2200000 4500 =001 INLIS000000000046070 =005 20150216074314.0 =006 =007 =008 =020 ##$$a 978-979-756-017-1 =035 ##$$0010-021500000000631 =040 ##$$a NBPDMAT =082 ##$$a 372.7 =090 ##$$a 372.7 $b Ala a =100 ##$$a Alanna Faradiana =245 ##$$a Ayo, Mengukur Volume $c Oleh Alanna Faradiana, Dudi Ferdiana =260 ##$$a Surabaya $b Graha Ilmu Mulia $c 2009 =300 ##$$a iv, 52 hlm. : $b ilus. ; $c 25 cm. =500 ##$$a Indeks : hlm. 52 =650 ##$$a Matematika - Tinggi =700 ##$$a Dudi Ferdiana =850 ##$$a NBPDMAT =990 ##$$a 21423561 =990 ##$$a 21423557 =990 ##$$a 21423558 =990 ##$$a 21423559 =990 ##$$a 21423560